Normal view
MARC view
Entry Personal Name
001 - CONTROL NUMBER
- control field: 14312
003 - CONTROL NUMBER IDENTIFIER
- control field: OSt
005 - DATE AND TIME OF LATEST TRANSACTION
- control field: 20210601132307.0
008 - FIXED-LENGTH DATA ELEMENTS
- fixed length control field: 210601|| aca||aabn | a|a d
040 ## - CATALOGING SOURCE
- Original cataloging agency: OSt
- Transcribing agency: OSt
100 ## - HEADING--PERSONAL NAME
- Personal name: Knisley, C. Barry.
670 ## - SOURCE DATA FOUND
- Source citation: Work cat.: (OSt)0: Pearson, David L., 1943- 14309, A field guide to the tiger beetles of the United States and Canada :, 2006.
